000 00415nam a2200133Ia 4500
008 100122s9999 xx 000 0 und d
082 _b75524
100 _aलेखक शोधणे
245 _aकोकणातल्या आडवाटा
250 _a1
630 _aकोकणातल्या आडवाटा
730 _aकोकणातल्या आडवाटा
942 _cBOOK
999 _c391719
_d391716